The Journal (Record no. 118758)
[ view plain ]
| 000 -LEADER | |
|---|---|
| fixed length control field | 01024cas a22002655a 4500 |
| 001 - CONTROL NUMBER | |
| control field | ##L119019 |
| 008 - FIXED-LENGTH DATA ELEMENTS--GENERAL INFORMATION | |
| fixed length control field | 020724c2001 xxkbr p a eng u |
| 022 1# - INTERNATIONAL STANDARD SERIAL NUMBER | |
| International Standard Serial Number | 1750-1032 |
| 035 ## - SYSTEM CONTROL NUMBER | |
| System control number | (Sirsi) u119019 |
| 041 0# - LANGUAGE CODE | |
| Language code of text/sound track or separate title | eng |
| 110 2# - MAIN ENTRY--CORPORATE NAME | |
| Corporate name or jurisdiction name as entry element | Royal Institution of Chartered Surveyors |
| Subordinate unit | Building Surveying Faculty |
| 9 (RLIN) | 4830 |
| 240 00 - UNIFORM TITLE | |
| Uniform title | The Journal |
| -- | RICS Building Surveying Faculty |
| 240 ## - UNIFORM TITLE | |
| Uniform title | Building Surveying Journal |
| -- | Incorporating the Building Conservation Journal |
| 245 04 - TITLE STATEMENT | |
| Title | The Journal |
| Remainder of title | RICS Building Surveying Journal |
| 260 3# - PUBLICATION, DISTRIBUTION, ETC. | |
| Place of publication, distribution, etc. | London |
| Name of publisher, distributor, etc. | RICS |
| Date of publication, distribution, etc. | 2001- |
| 362 0# - DATES OF PUBLICATION AND/OR SEQUENTIAL DESIGNATION | |
| Dates of publication and/or sequential designation | London: (1) September 2001- |
| 362 0# - DATES OF PUBLICATION AND/OR SEQUENTIAL DESIGNATION | |
| Dates of publication and/or sequential designation | Edinburgh: (10) April/May 2004- |
| 520 ## - SUMMARY, ETC. | |
| Summary, etc. | From 2010, the journal incorporates the Building Conservation Journal. |
| 554 ## - | |
| -- | Six per year |
| 651 #4 - SUBJECT ADDED ENTRY--GEOGRAPHIC NAME | |
| Geographic name | United Kingdom |
| Chronological subdivision | |
| 690 ## - LOCAL SUBJECT ADDED ENTRY--TOPICAL TERM (OCLC, RLIN) | |
| Topical term or geographic name as entry element | BUILT ENVIRONMENT-BUILDING INSPECTION |
| 780 00 - PRECEDING ENTRY | |
| Title | Building Conservation Journal |
| 856 41 - ELECTRONIC LOCATION AND ACCESS | |
| Uniform Resource Identifier | <a href="https://www.rics.org/buildingsurveyingjournal">https://www.rics.org/buildingsurveyingjournal</a> |
| Public note | View the journal free of charge at www.rics.org... |
| 942 ## - ADDED ENTRY ELEMENTS (KOHA) | |
| Suppress in OPAC | 0 |
| Withdrawn status | Lost status | Source of classification or shelving scheme | Damaged status | Not for loan | Home library | Current library | Shelving location | Date acquired | Total Checkouts | Full call number | Barcode | Date last seen | Copy number | Price effective from | Koha item type |
|---|---|---|---|---|---|---|---|---|---|---|---|---|---|---|---|
| Dewey Decimal Classification | London | London | Gallery | 16/12/2005 | RICS BUILDING SURVEYING JOURNAL | 119019-1001 | 06/08/2019 | 1 | 06/08/2019 | Reference material | |||||
| Dewey Decimal Classification | Virtual | Virtual | Online | 27/06/2006 | ONLINE PUBLICATION | 119019-2001 | 06/08/2019 | 1 | 06/08/2019 | Journal article |